header

Success on your certificate course in English language teaching (Record no. 129591)

MARC details
000 -LEADER
fixed length control field 01399nam a2200337 a 4500
082 04 - DEWEY DECIMAL CLASSIFICATION NUMBER
Classification number 371.1
100 1# - MAIN ENTRY--AUTHOR NAME
Personal name Brandt, Caroline.
245 10 - TITLE STATEMENT
Title Success on your certificate course in English language teaching
260 ## - PUBLICATION, DISTRIBUTION, ETC. (IMPRINT)
Place of publication London ;
-- Thousand Oaks, Calif. :
Name of publisher SAGE Publications,
Year of publication 2006.
300 ## - PHYSICAL DESCRIPTION
Number of Pages viii, 230 p. :
Other physical details ill.
650 #0 - SUBJECT ADDED ENTRY--TOPICAL TERM
Topical Term English language
Topical Term English teachers
856 40 - ELECTRONIC LOCATION AND ACCESS
Uniform Resource Identifier http://site.ebrary.com/lib/rucke/Doc?id=10218034

No items available.

© 2026 Rongo University
Contact us: librarian | system librarian | Rongo university